000 00391nam a2200145Ia 4500
008 230917s9999||||xx |||||||||||||| ||und||
040 _e80920
_aMAIN
041 _aEnglish
082 _a342.54 S36P
100 _aSeervai, H M
245 0 _aPosition of the judiciary under the constitution of India
260 _aBombay
_bUniversity of Bombay
_c1970
300 _axiv, 164 p.
942 _cBK
999 _c230233
_d230233